000 00532nmm a2200157Ia 4500
008 251105s9999||||xx |||||||||||||||||und||
020 _a9788491802631
041 _aspa
100 _aCortés Selva, Laura
245 0 _aTres décadas de estilo visual en el cine :
_b Evolución de la fotografía cinematográfica (1980-2010)
264 _a[Madrid, España] :
_bUniversitat Oberta de Catalunya,
_c2018
300 _a102 páginas
650 _aFilm studies
856 _uhttps://public.digitaliapublishing.com/a/61712
942 _cCF
999 _c88662
_d88662